| 000 | 00454nam a2200181Ia 4500 | ||
|---|---|---|---|
| 008 | 240925s9999 xx 000 0 und d | ||
| 020 | _a9781472710857 | ||
| 082 | _a657.076 MED | ||
| 100 | _aMedia | ||
| 245 | 0 | _aACCA Paper P1 Governance Risk and Ethics | |
| 250 | _a1st | ||
| 260 |
_aLondon: _bBPB Publication _c,2015. |
||
| 300 |
_a199p. _bNA _fOriginal |
||
| 500 | _aIncludes Index | ||
| 600 | _aManagement | ||
| 650 | _aAccounting | ||
| 942 | _cBK | ||
| 999 |
_c16039 _d16039 |
||